Pays ayant Participer à la guerre Franco-Allemande (1870) - Statistiques

Statistiques générales
  • Ce quiz a été pris 36 fois
  • Le résultat moyen est 2 sur 7
Statistiques - réponses
Par images Réponse % Correct
France
100%
Bavière
44%
Empire Allemand
29%
Royaume de Saxe
9%
Grand-duché de Bade
6%
Grand-duché de Hesse
6%
Royaume de Wurtemberg
6%
Aucun quiz correspondant
Distribution des résultats
% des personnes avec chaque résultat
Percentile par nombre de réponses
Votre historique - résultats
Vous n’avez pas pris ce quiz